Coming home : (Record no. 104835)
[ view plain ]
| 000 -LEADER | |
|---|---|
| fixed length control field | 00674nam a2200193 a 4500 |
| 005 - DATE AND TIME OF LATEST TRANSACTION | |
| control field | 20140412111329.0 |
| 008 - FIXED-LENGTH DATA ELEMENTS--GENERAL INFORMATION | |
| fixed length control field | 021209s19uu xx 00 eng d |
| 020 ## - INTERNATIONAL STANDARD BOOK NUMBER | |
| International Standard Book Number | 0-698-11612-7 |
| 050 ## - LIBRARY OF CONGRESS CALL NUMBER | |
| Classification number | TR(PS E |
| Item number | Co73 1994 |
| 050 ## - LIBRARY OF CONGRESS CALL NUMBER | |
| Classification number | ER |
| Item number | Co73 1994 |
| 100 ## - MAIN ENTRY--PERSONAL NAME | |
| Personal name | Cooper, Floyd |
| 245 ## - TITLE STATEMENT | |
| Title | Coming home : |
| Statement of responsibility, etc | written and illustrated by Floyd Cooper. |
| Remainder of title | from the life of Langston Hughes / |
| 260 ## - PUBLICATION, DISTRIBUTION, ETC. (IMPRINT) | |
| Place of publication, distribution, etc | New York : |
| Name of publisher, distributor, etc | The Putnam and Grosset Group, |
| Date of publication, distribution, etc | 1994. |
| 300 ## - PHYSICAL DESCRIPTION | |
| Extent | 1 v. (unp.) ; ill. |
| 650 ## - SUBJECT ADDED ENTRY--TOPICAL TERM | |
| Topical term or geographic name as entry element | Hughes, Langston, 1902-1967 |
| General subdivision | Biography |
| -- | Juvenile literature |
| 650 ## - SUBJECT ADDED ENTRY--TOPICAL TERM | |
| Topical term or geographic name as entry element | Afro-American poets--20th century |
| General subdivision | Biography |
| -- | Juvenile literature |
| Withdrawn status | Lost status | Damaged status | Use restrictions | Home library | Current library | Shelving location | Date acquired | Source of acquisition | Total Checkouts | Full call number | Barcode | Date last seen | Price effective from | Koha item type |
|---|---|---|---|---|---|---|---|---|---|---|---|---|---|---|
| Elizalde Library | Elizalde Library | Teachers Reference Section | 12/09/2002 | TR(PS E Co73 1994 | E8809 | 04/12/2014 | 04/12/2014 | Books | ||||||
| Elizalde Library | Elizalde Library | Easy Reading Section | 12/09/2002 | ER Co73 1994 | E8702 | 04/12/2014 | 04/12/2014 | Books |